| 000 | 00660nam a22001937a 4500 | ||
|---|---|---|---|
| 005 | 20240530110925.0 | ||
| 008 | 220221s2009 ua c g b 000 0 ara d | ||
| 020 | _a977301123 | ||
| 040 |
_aEG-CaGPL _cEG-CaGPL |
||
| 082 | 0 | 4 |
_221 _a811.09 / _bس ق |
| 100 | 0 | _aسامية عبدالغنى | |
| 245 | 1 | 0 |
_aديوان شعر قصيدتى الشريدة / _cسامية عبدالغنى |
| 260 |
_aالقاهرة : _bهبة النيل العربية للنشر و التوزيع ، _c2009 |
||
| 300 |
_a112 ص؛ _c20 سم |
||
| 650 | 0 | 7 |
_aالشعر _2qrmak |
| 650 | 0 | 7 |
_aالادب _2qrmak |
| 942 |
_2ddc _cBK |
||
| 999 |
_c66552 _d66552 |
||